| Поле | Инд. | ПП | Название | Значение |
|---|---|---|---|---|
| Тип записи | a | |||
| Библиографический уровень | m | |||
| 001 | Контрольный номер | RU/IS/BASE/333718718 | ||
| 005 | Дата корректировки | 20141114162627.4 | ||
| 040 | a | Служба первич. каталог. | НБ ТвГУ | |
| b | Код языка каталог. | rus | ||
| e | Правила каталог. | PSBO | ||
| 041 | 0_ | a | Код языка текста | rus |
| 080 | a | Индекс УДК | 94(47)"19" | |
| 080 | a | Индекс УДК | 333(47)"19" | |
| 084 | a | Индекс другой классификации/Индекс ББК | Т3(2)6-21 | |
| 090 | a | Полочн. индекс | 9(47)17 | |
| x | Авторский знак | А 73 | ||
| 100 | 1_ | a | Автор | Анфимов Андрей Матвеевич |
| c | Титул (звания) | д-р ист. наук | ||
| d | Дата | 1916-1995 | ||
| q | Полное имя | Анфимов А. М. | ||
| 245 | 10 | a | Заглавие | Земельная аренда в России в начале XX века |
| c | Ответственность | отв. ред. В. К. Яцунский ; АН СССР, Ин-т истории | ||
| 260 | a | Место издания | Москва | |
| b | Издательство | АН СССР | ||
| c | Дата издания | 1961 | ||
| 300 | a | Объем | 206,[2] с. | |
| b | Иллюстрации/ тип воспроизводства | табл. | ||
| 504 | a | Библиография | Библиогр. в подстроч. примеч. | |
| 504 | a | Библиография | Геогр. указ. : с. 203-207 | |
| 653 | a | Ключевые слова | 20 в. | |
| a | Ключевые слова | Аграрный вопрос в России | ||
| a | Ключевые слова | Аренда земли в России | ||
| a | Ключевые слова | Земельная аренда | ||
| a | Ключевые слова | История России | ||
| a | Ключевые слова | Россия | ||
| 700 | a | Другие авторы | Яцунский Виктор Корнелиевич | |
| c | Титул (звание) | д-р ист. наук | ||
| d | Дата | 1893-1966 | ||
| e | Роль лиц | ред. | ||
| 920 | a | Оператор | Лиси | |
| 954 | a | Дата поступления на обработку | 20100729 |